Toutes les gares ferroviaires du Vaucluse - Statistiques

Statistiques générales
  • Ce quiz a été pris 18 fois
  • Le résultat moyen est 9 sur 18
Statistiques - réponses
Fréquentation annuelle Nom de la gare % Correct
478 558 Orange
100%
4 258 709 Avignon TGV
93%
243 532 Cavaillon
93%
3 339 139 Avignon-Centre
87%
319 190 Carpentras
87%
28 017 Pertuis
67%
123 118 Monteux
60%
23 262 Bédarrides
53%
220 204 Sorgues - Châteauneuf-du-Pape
53%
38 740 Courthézon
47%
180 458 L'Isle - Fontaine-de-Vaucluse
47%
88 316 Entraigues-sur-la-Sorgue
40%
54 227 Le Thor
33%
206 581 Bollène-La Croisière
20%
18 821 Gadagne
20%
28 531 Montfavet
20%
39 037 Morières-lès-Avignon
13%
34 087 Saint-Saturnin-d'Avignon
0%
Aucun quiz correspondant
Distribution des résultats
% des personnes avec chaque résultat
Percentile par nombre de réponses
Votre historique - résultats
Vous n’avez pas pris ce quiz